000 00571cam a2200169 4500
008 151005n 000 0 eng u
020 _a0534357563
035 _a(Sirsi) a192943
050 _aBF 637 IVE 1999
100 _aIvey, Allen E.
245 _aInternational interviewing and counseling:
_bfacilitating client development in a multicultural society/
_cAllen E. Ivey and Mary Bradford Ivey
260 _aPacific Grove:
_bBooks/Cole publishing,
_c1999
300 _axvii, 408p.
650 _aInterviewing
650 _aCouseling
700 _aIvey, Mary Bradford
999 _c123308
_d123308